000 02865cam a22005174i 4500
003 PE-LiUPU
005 20250731173316.0
008 150625s1997 miua r 000 0 spa d
020 _a0825411998
035 _a(Sirsi) i9780825411991
040 _aPE-LiUPU
_bspa
_cPE-LiUPU
_erda
049 _aPRUA
082 0 4 _a296.4
_bE23
_221
100 1 _aEdersheim, Alfred,
_d1825-1889,
_eautor.
245 1 3 _aEl templo :
_bsu ministerio y servicio en tiempos de Jesucristo /
_cAlfred Edersheim.
264 1 _aMichigan :
_bPortavoz,
_c[1997].
300 _a255 páginas :
_bilustraciones ;
_c24 centímetros
336 _atext
_2rdacontent
337 _aunmediated
_2rdamedia
338 _avolume
_2rdacarrier
505 0 _aUna primera perspectiva de Jerusalén y del templo -- Dentro del santuario -- Orden del templo, ingresos y música -- El sacerdocio oficiante -- Los sacrificios: su orden y su significado -- El holocausto, la ofrenda por el pecado y por la culpa y la ofrenda de paces -- De noche en el templo -- El sacrificio matutino y el vespertino -- El sábado en el templo -- Ciclos festivos y disposición del calendario -- La pascua -- La fiesta pascual y la cena del Señor -- La fiesta de los panes sin levadura y el día de pentecostés -- La fiesta de los tabernáculos -- Las lunas nuevas: Las fiestas de la séptima luna nueva o de las trompetas, o del día del año nuevo -- El día de la expiación -- Fiestas pos mosaicas -- Sobre las purificaciones --Sobre los votos.
526 _aSEG42
526 _aSEG41
526 _aSEG40
526 _aSEG39
526 _aP94
526 _aP87
526 _aP86
526 _aP85
526 _aP77
526 _aP76
526 _aP35
541 _g001-0000506;
541 _g001-0000127;
541 _g001-0000127;
650 0 4 _aJudaismo.
_91492
650 0 4 _aTemplo de Jerusalén.
700 1 _aEscuain, Santiago,
_etraductor.
942 _2ddc
_cBOOK
949 _a296.4 E23
_wDEWEY
_c1
_i56420
_d2016-11-18
_e2016-11-18
_lCCODEBUL1
_mBUL
_n2
_p17.00
_r0
_sY
_tBOOK
_u2015-6-25
_xTEOLOGIA
_zUNKNOWN
_0COMPRA
_o.STAFF. Colección General
949 _a296.4 E23
_wDEWEY
_c3
_i62647
_d2016-6-2
_e2016-6-2
_lCCODEBUL1
_mBUL
_n3
_p36.00
_r0
_sY
_tBOOK
_u2015-6-25
_xTEOLOGIA
_PP35
_0COMPRA
_o.STAFF. Colección General
994 _aC0
_bPEPRU
596 _a1
999 _a296.4 E23
_wDEWEY
_c45668
_i56420
_d45668
_e2016-11-18
_f2021-11-11
_g5
_lCCODEBUL1
_mBUL
_n2
_p17.00
_q2
_r0
_sY
_tBOOK
_u2015-6-25
_xTEOLOGIA
_zUNKNOWN
_0COMPRA
_o.STAFF. Colección Teología
999 _a296.4 E23
_wDEWEY
_c3
_i62647
_d2019-7-17
_e2019-7-17
_f2021-11-11
_g5
_lCCODEBUL1
_mBUL
_n4
_p36.00
_q3
_r0
_sY
_tBOOK
_u2015-6-25
_xTEOLOGIA
_PP35
_0COMPRA
_o.STAFF. Colección Teología
980 _81
_gALBERTO SANCHEZ Responsable de Automatización